00203nam a2200085 a 4500008004100000050001500041100002000056245003200076350000900108120416s9999 xx |||||||||||||| || u aHB 172 Sol aSolberg, Eric J10aIntermediate microeconomics a0.00